PIOSENKA, KTÓRĄ ZNA I ZAŚPIEWA KAŻDY - Statystyki

Ogólne statystyki
  • Ten quiz został rozwiązany 119 razy
  • Średni wynik to 2 z 6
Statystyki odpowiedzi
Odpowiedź % Poprawnych
PRZEZ TWE OCZY ZIELONE
60%
MIŁOŚĆ W ZAKOPANEM
35%
STO LAT
33%
JESTEŚ SZALONA
28%
ONA TAŃCZY DLA MNIE
23%
HEJ SOKOŁY
14%
Nie znaleziono quizów pasujących do podanych kryteriów
Rozkład punktacji
Procent ludzi z każdym wynikiem
Percentyl według liczby udzielonych odpowiedzi
Twoja historia wyników
Nie rozwiązałeś tego quizu